Bor- és gasztrofesztiválok szerepe a hazai desztinációk programkínálatában, különös tekintettel a Szekszárdi Borvidékre

Bibliográfiai részletek
Szerző: Szente Zsófi
További közreműködők: Nagy Dr. Éva Ilona
Dokumentumtípus: Diplomadolgozat
Kulcsszavak:borászat
borturizmus
fesztivál
gasztronómia
turizmus
Online Access:http://dolgozattar.uni-bge.hu/60212

MARC

LEADER 00000nta a2200000 i 4500
001 dolg60212
005 20260409150137.0
008 260409suuuu hu om 000 hun d
040 |a BGE Dolgozattár Repozitórium  |b hun 
041 |a hu 
100 1 |a Szente Zsófi 
245 1 0 |a Bor- és gasztrofesztiválok szerepe a hazai desztinációk programkínálatában, különös tekintettel a Szekszárdi Borvidékre  |c Szente Zsófi  |h [elektronikus dokumentum] 
520 3 |a A szakdolgozatom a bor- és gasztrofesztiválok hazai turizmusban betöltött szerepét vizsgálja, különös figyelmet fordítva a Szekszárdi Borvidékre. Ennek érdekében bemutatja a fesztiválok kialakulásának hátterét, fejlődési irányvonalait, a fogyasztók véleményeit, gazdasági és társadalmi hatásait, valamint azokat a stratégiákat, amelyekkel a vidéki települések sikeresen építhetik be ezeket az eseményeket turisztikai kínálatukba. Az elemzés során különös figyelmet kapnak a különböző borászatok és pincészetek, továbbá Szekszárd, mint népszerű desztináció; a látogatói igények és azok változása, valamint a fesztiválok hatása a desztináció fejlődésére.Primer kutatásomhoz elsősorban a fogyasztók, pontosabban eme fesztiválok résztvevőinek igényeit és szokásait mértem. Továbbá mély interjú során során bortermelőt is megkérdezek, és tevékenységét vizsgálom meg.A dolgozat bemutatja a Szekszárdi borfesztiválok sajátosságait, valamint azok hatását a turisták motivációjára és a régió turisztikai kínálatára. 
695 |a borászat 
695 |a borturizmus 
695 |a fesztivál 
695 |a gasztronómia 
695 |a turizmus 
700 1 |a Nagy Dr. Éva Ilona  |e ths 
856 4 0 |u http://dolgozattar.uni-bge.hu/60212/1/Bor-%20%C3%A9s%20gasztrofesztiv%C3%A1lok%20szerepe%20a%20hazai%20%20desztin%C3%A1ci%C3%B3k%20programk%C3%ADn%C3%A1lat%C3%A1ban%2C%20k%C3%BCl%C3%B6n%C3%B6s%20tekintettel%20a%20%20Szeksz%C3%A1rdi%20Borvid%C3%A9kre_Szente%20Zs%C3%B3fi_AMEQ28%20%282%29.pdf  |z Dokumentum-elérés 
856 4 0 |u http://dolgozattar.uni-bge.hu/60212/2/Szente%20Zs%C3%B3fi_opponensi_Kubesch%20M%C3%A1ria.pdf  |z Dokumentum-elérés 
856 4 0 |u http://dolgozattar.uni-bge.hu/60212/3/Szente%20Zs%C3%B3fi_b%C3%ADr%C3%A1lat_Nagy%20%C3%89va.pdf  |z Dokumentum-elérés